Systematics of the neotropical characiform genus cyphocharax fowler pisces: ostariophysi
Gespeichert in:
| 1. Verfasser: | |
|---|---|
| Format: | Buch |
| Sprache: | Englisch |
| Veröffentlicht: |
Washington, D.C
Smithsonian Institution Press
1992
|
| Schriftenreihe: | Smithsonian Contributions to Zoology, 529
|
| Schlagworte: | |
| Tags: |
Tag hinzufügen
Keine Tags, Fügen Sie den ersten Tag hinzu!
|
MARC
| LEADER | 00000nam a2200000 a 4500 | ||
|---|---|---|---|
| 001 | UCZ9545 | ||
| 003 | CL-VaPUC | ||
| 008 | 960308e19920000US |||||||||||||||||eng|d | ||
| 082 | 0 | 4 | |a 597.52 |b VAR |2 21 |
| 100 | 0 | |a Vari, Richard P |e author |9 354540 | |
| 245 | 1 | 0 | |a Systematics of the neotropical characiform genus cyphocharax fowler pisces: ostariophysi |
| 300 | |a 137 p | ||
| 942 | |c BK | ||
| 945 | |d 19960308 00:00:00 |a rleighto | ||
| 260 | |a Washington, D.C |b Smithsonian Institution Press |c 1992 | ||
| 650 | 0 | |a Zoología |9 261613 | |
| 650 | 7 | |a PECES |2 CL-VaPUC |9 354541 | |
| 650 | 7 | |a ESPECIES |2 CL-VaPUC |9 331928 | |
| 650 | 7 | |a CLASIFICACION |2 CL-VaPUC |9 269795 | |
| 583 | |a last modification |c 19960308 00:00:00 |k Rodrigo Vera | ||
| 490 | 0 | |a Smithsonian Contributions to Zoology, 529 | |
| 999 | |c 244808 |d 244806 | ||